Year end 2025 top 100 atp tennis - Statistics

General Stats
  • This quiz has been taken 113 times
  • The average score is 55 of 100
Answer Stats
Hint Answer % Correct
3 Alexander Zverev
100%
1 Carlos Alcaraz
100%
2 Jannik Sinner
100%
8 Lorenzo Musetti
97%
13 Daniil Medvedev
95%
4 Novak Djokovic
95%
16 Andrej Rublev
94%
9 Ben Shelton
94%
7 Alex de Minaur
92%
12 Casper Ruud
92%
5 Felix Auger-Aliassime
92%
15 Holger Rune
92%
6 Taylor Fritz
92%
10 Jack Draper
87%
22 Flavio Cobolli
84%
28 Learner Tien
84%
14 Alejandro Davidovich Fokina
81%
11 Alexander Bublik
81%
30 Frances Tiafoe
81%
24 Joao Fonseca
81%
18 Karen Khachanov
81%
20 Tommy Paul
79%
19 Jacub Mensik
78%
23 Denis Shapovalov
76%
21 Francisco Cerundolo
75%
85 Juan Manuel Cerundolo
75%
40 Arthur Fils
73%
34 Stefanos Tsitsipas
73%
25 Tallon Griekspoor
73%
27 Cameron Norrie
71%
29 Arthur Rinderknech
70%
17 Jiri Lehecka
70%
31 Valentin Vacherot
70%
26 Luciano Darderi
68%
32 Tomas Machac
68%
68 Gael Monfils
67%
56 Matteo Berrettini
67%
45 Sebastian Baez
67%
37 Ugo Humbert
63%
39 Lorenzo Sonego
62%
36 Jaume Munar
60%
35 Corentin Moutet
59%
38 Alex Michelsen
57%
58 Giovanni Mpetschi Perricard
57%
75 Marin Cilic
57%
41 Gabriel Diallo
56%
50 Reilly Opelka
56%
43 Zizou Bergs
56%
48 Sebastian Korda
54%
59 Tomas Martin Etcheverry
54%
89 Pablo Carreno Busta
51%
81 Alejandro Tabilo
49%
77 Botic Van De Zandschulp
49%
44 Grigor Dimitrov
49%
52 Miomir Kecmanovic
49%
92 Roberto Bautista Agut
49%
46 Daniel Altmaier
48%
47 Nuno Borges
46%
42 Alexandre Muller
44%
61 Matteo Arnaldi
44%
97 Hugo Gaston
43%
69 Adrien Mannarino
41%
33 Brandon Nakashima
41%
93 Pedro Martinez
41%
84 Jan-Lennard Struff
40%
51 Fabian Marozsan
38%
53 Jenson Brooksby
38%
87 Raphael Collignon
38%
83 Hamad Medjedovic
37%
71 Jacob Fearnley
37%
63 Terence Atmane
37%
54 Alexei Popyrin
35%
66 Arthur Cazaux
35%
64 Marcos Giron
35%
55 Marton Fucsovics
35%
60 Aleksandar Kovacevic
33%
70 Ethan Quinn
33%
95 Alexander Shevchenko
32%
49 Camilo Ugo Carabelli
32%
86 James Duckworth
30%
98 Laslo Djere
30%
91 Quentin Halys
30%
67 Francisco Comesana
29%
72 Mariano Navone
29%
80 Cristian Garin
27%
76 Jesper De Jong
27%
57 Valentin Royer
25%
78 Adam Walton
22%
82 Aleksandar Vukic
22%
90 Eliot Spizzirri
21%
74 Mattia Belucci
21%
94 Benjamin Bonzi
19%
65 Damir Dzumhur
19%
73 Hubert Hurcacz
19%
62 Kamil Majchrzak
19%
100 Shintaro Mochizuki
19%
88 Emilio Nava
17%
96 Dalibor Svrcina
16%
79 Filip Misolic
14%
99 Tristan Schoolkate
13%
No matching quizzes found
Score Distribution
Percent of People with Each Score
Percentile by Number Answered
Your Score History
You have not taken this quiz